| 000 | 00757nam a2200157 a 4500 | ||
|---|---|---|---|
| 001 | 000044429 | ||
| 005 | 20201002045352.0 | ||
| 008 | 140630s2007 dr a 000 0 spa d | ||
| 040 |
_aDO-SdBNP _bspa _cBNPHU |
||
| 082 |
_axxxx _bxxxx |
||
| 245 | 0 | 0 |
_aJuan Pablo Duarte : _bbiografía, faceta dinámica, ideario / _cpresentación ; Félix Jiménez. |
| 260 |
_aSanto Domingo : _bAlfa y Omega, _c2007. |
||
| 300 |
_aVII, 71 p. : _bil., ; _c21 cm. |
||
| 500 | _a"Esta publicación es una contribución de la Refinería Dominicana de Petróleo, al Ministerio de Educación y al Instituto Duartiano, en ocasión de la celebración del bicentenario del nacimiento de Juan Pablo Duarte, fundador de la República Dominicana." | ||
| 700 | 1 | 2 |
_aJiménez, Félix _eprest. _933757 |
| 999 |
_c43918 _d43918 |
||